| 000 | 01355nam a2200361Ia 4500 | ||
|---|---|---|---|
| 001 | ebr10598755 | ||
| 003 | CaPaEBR | ||
| 006 | m u | ||
| 007 | cr cn||||||||| | ||
| 008 | 120523s2012 enka sb 001 0 eng d | ||
| 010 | _z 2012021107 | ||
| 020 | _z9780470671351 (pbk. : alk. paper) | ||
| 020 | _z9781118424193 | ||
| 040 |
_aCaPaEBR _cCaPaEBR |
||
| 035 | _a(OCoLC)815507883 | ||
| 050 | 1 | 4 |
_aRF46 _b.A25 2012eb |
| 082 | 0 | 4 |
_a617.5/1 _223 |
| 245 | 0 | 0 |
_aABC of ear, nose, and throat _h[electronic resource] / _cedited by Harold Ludman, Patrick J. Bradley. |
| 250 | _a6th ed. | ||
| 260 |
_aChichester, West Sussex, UK : _bWiley-Blackwell, _c2012. |
||
| 300 |
_aix, 151 p. : _bill. (chiefly col.). |
||
| 490 | 1 | _aABC series | |
| 504 | _aIncludes bibliographical references and index. | ||
| 533 |
_aElectronic reproduction. _bPalo Alto, Calif. : _cebrary, _d2011. _nAvailable via World Wide Web. _nAccess may be limited to ebrary affiliated libraries. |
||
| 650 | 0 | _aOtolaryngology. | |
| 650 | 0 |
_aEar _xDiseases. |
|
| 655 | 7 |
_aElectronic books. _2local |
|
| 700 | 1 | _aLudman, Harold. | |
| 700 | 1 |
_aBradley, Patrick J., _d1949- |
|
| 710 | 2 | _aebrary, Inc. | |
| 830 | 0 | _aABC series (Malden, Mass.) | |
| 856 | 4 | 0 |
_uhttp://site.ebrary.com/lib/rucke/Doc?id=10598755 _zAn electronic book accessible through the World Wide Web; click to view |
| 999 |
_c109759 _d109759 |
||